| 000 | 01359cam a22003374a 4500 | ||
|---|---|---|---|
| 001 | 17080550 | ||
| 003 | OSt | ||
| 005 | 20150408114205.0 | ||
| 008 | 111212s2012 nyua 001 0 eng | ||
| 010 | _a 2011044387 | ||
| 016 | 7 |
_a015963953 _2Uk |
|
| 020 | _a9780071771566 (alk. paper) | ||
| 020 | _a0071771565 (alk. paper) | ||
| 035 | _a(OCoLC)ocn721905218 | ||
| 040 |
_aDLC _cDLC _dYDX _dBTCTA _dYDXCP _dUKMGB _dBWX _dBDX _dDLC |
||
| 042 | _apcc | ||
| 050 | 0 | 0 |
_aTK5105.59 _b.G645 2012 |
| 082 | 0 | 0 |
_a005.8 _223 _bGDS |
| 100 | 1 |
_aGibson, Darril. _936313 |
|
| 245 | 1 | 0 |
_aSSCP systems security certified practitioner : _bexam guide : all in one / _cDarril Gibson. |
| 246 | 3 | 0 | _aSystems security certified practitioner |
| 260 |
_aNew York : _bMcGraw-Hill, _cc2012. |
||
| 300 |
_axxii, 454 p. : _bill. ; _c24 cm. + _eCD-ROM (4 3/4 in.) |
||
| 500 | _aIncludes index. | ||
| 538 | _aSystem requirements: Windows 2000 or higher; Internet Explorer 6.0 or above; 20MB of hard disck space; The electronic book requires Adobe Acrobat reader. | ||
| 650 | 0 |
_aComputer networks _xSecurity measures _xExaminations _vStudy guides. _98452 |
|
| 650 | 0 |
_aTelecommunications engineers _xCertification. _95966 |
|
| 906 |
_a7 _bcbc _corignew _d1 _eecip _f20 _gy-gencatlg |
||
| 942 |
_2ddc _cDVD |
||
| 999 |
_c33398 _d267898 |
||